000 00321nam a22001337a 4500
008 170329b xxu||||| |||| 00| 0 eng d
020 _a9780534599867
041 _aeng
080 _27TH
_a796.3
100 _a8
101 _aSHM
245 _aPRINCIPLES AND LABS FOR FITNESS AND WELLNESS
_cHOEGER, W.W.K
942 _2udc
_cBK
999 _c8899
_d8899